| 000 | 00413nam a2200157 i 4500 | ||
|---|---|---|---|
| 001 | 149377 | ||
| 003 | ES-MaACL | ||
| 005 | 20230906203056.0 | ||
| 007 | t| | ||
| 008 | 071022s1962 sp ||||1| spa d | ||
| 100 | 1 |
_aVarea, Luciano. _9113125 |
|
| 245 | 1 | 3 |
_aEl pozo _b: (novela) / _cLuciano Varea. |
| 260 |
_aZaragoza : _b[s.n.], _c1962. |
||
| 300 |
_a116 p. ; _c18 cm. |
||
| 852 |
_aES-MaACL _jC-21506 _bR.49834 |
||
| 999 |
_c149377 _d149377 |
||